| 000 | 00831nam a22002417a 4500 | ||
|---|---|---|---|
| 999 |
_c7980 _d7980 |
||
| 003 | AR-CdUCM | ||
| 008 | 190321b ||||| |||| 00| 0 spa d | ||
| 040 |
_aMUNICIPALIDAD PROVINCIAL DEL CUSCO _cBIBLIOTECA MUNICIPAL DEL CUSCO |
||
| 082 |
_a709.04 / _bG36 |
||
| 100 |
_aGengaro, María Luisa _922549 |
||
| 245 | _aOrientaciones actuales del arte / | ||
| 260 |
_aBuenos Aires : _bTroquel, _c1961. |
||
| 300 |
_a289 páginas ; _c20 cm. |
||
| 440 |
_aColección El mundo de hoy _922550 |
||
| 505 | _aContenido: Directivas y testimonios -- De la arquitectura -- De la escultura -- De la pintura. | ||
| 650 |
_aArte moderno _99045 |
||
| 650 |
_aArte - Crítica _922551 |
||
| 650 |
_aArte - Historia _922552 |
||
| 650 |
_aSiglo XX _98 |
||
| 700 |
_aEchegaray, Arturo (Traductor) _922553 |
||
| 942 |
_2ddc _cLIBROS |
||
| 945 | _alccs | ||